[Event "Tourn. n9466"]
[Site "www.chess-mail.com"]
[Date "2017.10.07"]
[Round "1"]
[White "Bojan"]
[Black "Lucaschess"]
[WhiteElo "1980"]
[BlackElo "2110"]
[Result "0-1"]
[Round "1"]
1.e4 e5
2.Ng1f3 Nb8c6
3.d4 exd4
4.Nf3xd4 Bf8c5
5.Nd4xc6 bxc6
6.e5 d6
7.Qd1f3 Ng8e7
8.Bf1c4 O-O
9.Qf3g3 Ne7f5
10.Qg3f3 Nf5d4
11.Qf3d3 Bc8f5
12.Qd3g3 Nd4xc2
13.Ke2 Rf8e8
14.Bc4d3 Re8xe5
15.Kd1 Re5d5
16.Kxc2 Bf5xd3
17.Qg3xd3 Rd5xd3
18.Kxd3 Bc5xf2
19.Nb1c3 Qd8f6
20.Rh1f1 Qf6d4
21.Kc2 Ra8e8
22.Bc1d2 Bf2e3
23.Ra1d1 Be3xd2
24.Rd1xd2 Qd4g4
25.h3 Qg4c4
26.Rd2f2 f6
27.b3 Qc4e6
28.g4 d5
29.Nc3e2 Qe6xe2
30.Rf2xe2 Re8xe2
31.Kb1 Kf7
32.Rf1f3 Ke6
33.a4 c5
34.Rf3c3 Kd6
35.Kc1 d4
36.Rc3d3 Kd5
37.Kd1 Re2e3
38.Kd2 Re3xd3
39.Kxd3 a5
40.h4 g6
41.Ke2 Ke4
42.Kf2 h6
{ resign }
0-1

[Event "Tourn. n9532"]
[Site "www.chess-mail.com"]
[Date "2017.10.07"]
[Round "1"]
[White "Ssharp"]
[Black "Abuelo"]
[WhiteElo "2200"]
[BlackElo "2200"]
[Result "1-0"]
[Round "1"]
1.e4 e5
2.Ng1f3 d6
3.d4 exd4
4.Nf3xd4 c5
5.Nd4f3 Bf8e7
6.Bf1c4 Bc8g4
7.O-O Ng8f6
8.Nb1c3 h6
{ time. }
1-0

[Event "Tourn. n9564"]
[Site "www.chess-mail.com"]
[Date "2017.10.07"]
[Round "1"]
[White "Tonino1"]
[Black "Bojan"]
[WhiteElo "2210"]
[BlackElo "2070"]
[Result "1-0"]
[Round "1"]
1.d4 g6
2.f4 Bf8g7
3.e3 b6
4.Ng1f3 Bc8b7
5.Bf1d3 f5
6.O-O d6
7.c3 Nb8a6
8.Bd3xa6 Bb7xa6
9.Qd1a4 Kf7
10.Qa4xa6 Ng8f6
11.Nf3g5 Kf8
12.Ng5e6 { resign }
1-0

[Event "Tourn. n9534"]
[Site "www.chess-mail.com"]
[Date "2017.10.07"]
[Round "1"]
[White "Karousek"]
[Black "Bojan"]
[WhiteElo "2160"]
[BlackElo "1990"]
[Result "1-0"]
[Round "1"]
1.e4 e5
2.Ng1f3 Nb8c6
3.Bf1b5 Qd8f6
4.c3 Bf8c5
5.O-O a6
6.Bb5a4 b5
7.Ba4b3 Bc8b7
8.d3 h6
9.Rf1e1 Ng8e7
10.Nb1d2 Nc6a5
11.Bb3c2 Ne7g6
12.b4 Bc5b6
13.bxa5 Bb6c5
14.Nd2f1 Bc5e7
15.Nf1g3 Ng6h4
16.Nf3xh4 g6
17.Nh4f3 d6
18.Bc1e3 Qf6g7
19.d4 exd4
20.cxd4 Ra8d8
21.e5 dxe5
22.Nf3xe5 O-O
23.Ne5g4 c5
24.Be3xh6 Qg7h7
25.Bh6xf8 Be7xf8
26.Ng4f6 { resign }
1-0

[Event "Tourn. n9478"]
[Site "www.chess-mail.com"]
[Date "2017.10.07"]
[Round "1"]
[White "Ff333"]
[Black "Lucaschess"]
[WhiteElo "2100"]
[BlackElo "2110"]
[Result "0-1"]
[Round "1"]
1.e4 e5
2.Ng1f3 Nb8c6
3.Bf1b5 a6
4.Bb5xc6 dxc6
5.Nf3xe5 Qd8e7
6.d4 f6
7.Ne5f3 Qe7xe4
8.Bc1e3 Bc8f5
9.c3 Qe4d3
 { time }
0-1

[Event "Tourn. n9543"]
[Site "www.chess-mail.com"]
[Date "2017.10.07"]
[Round "1"]
[White "Tartan"]
[Black "Fantomas"]
[WhiteElo "2460"]
[BlackElo "2240"]
[Result "1-0"]
[Round "1"]
1.e4 c5
2.Ng1f3 d6
3.d4 cxd4
4.Nf3xd4 Ng8f6
5.Nb1c3 Bc8d7
6.Bc1g5 a6
7.Bg5xf6 gxf6
8.Qd1h5 Nb8c6
9.Bf1c4 Nc6e5
10.Bc4e6 Ne5g6
11.Be6xd7 Qd8xd7
12.O-O e6
13.f4 Ke7
14.Ra1d1 Bf8g7
15.f5 Ng6e5
16.Nc3e2 Ne5c6
17.fxe6 fxe6
18.e5 Nc6xe5
19.Ne2f4 Ra8g8
20.Nf4xe6 Qd7e8
21.Nd4f5 { resign }
1-0

[Event "Tourn. n9534"]
[Site "www.chess-mail.com"]
[Date "2017.10.07"]
[Round "1"]
[White "Goofy"]
[Black "Karousek"]
[WhiteElo "2300"]
[BlackElo "2160"]
[Result "0-1"]
[Round "1"]
1.e4 c5
2.d4 cxd4
3.c3 dxc3
4.Nb1xc3 Nb8c6
5.Ng1f3 a6
6.Bf1c4 d6
7.O-O Ng8f6
8.Qd1e2 Bc8g4
9.Rf1d1 e6
10.Bc1f4 Qd8b8
11.Ra1c1 Bf8e7
12.h3 Bg4xf3
13.Qe2xf3 Nc6e5
14.Bf4xe5 dxe5
15.Bc4b3 O-O
16.Nc3a4 b5
17.Na4c5 Qb8b6
18.Nc5d7 Nf6xd7
19.Rd1xd7 Be7f6
20.Rc1c7 Ra8c8
21.Rc7b7 Qb6c6
22.Qf3h5 Qc6xe4
23.Rd7xf7 Rc8c1
{ resign }
0-1

[Event "Tourn. n9504"]
[Site "www.chess-mail.com"]
[Date "2017.10.07"]
[Round "1"]
[White "Scasan55"]
[Black "Mitja"]
[WhiteElo "2030"]
[BlackElo "2090"]
[Result "1-0"]
[Round "1"]
1.e4 d5
2.exd5 Qd8xd5
3.Nb1c3 Qd5d8
4.h3 e6
5.Ng1f3 c6
6.d4 h6
7.Bf1c4 Ng8f6
8.O-O Bf8e7
9.Rf1e1 Nb8d7
10.Bc1f4 Nd7b6
11.Bc4b3 Nb6d5
12.Nc3xd5 Nf6xd5
13.Bb3xd5 Qd8xd5
14.c3 b6
15.a3 Bc8b7
16.b3 O-O
17.c4 Qd5d7
18.Nf3e5 Qd7d8
19.Re1e3 Kh8
20.Re3d3 Be7f6
21.Ra1a2 Ra8c8
22.b4 Qd8e7
23.c5 b5
24.Ne5g4 Rf8d8
25.Bf4d6 Rd8xd6
26.Ng4xf6 Rd6d8
27.Nf6e4 Rc8b8
28.Ne4d6 a6
29.Qd1h5 Rd8f8
30.Rd3f3 Kg8
31.Ra2e2 Qe7g5
32.Qh5xg5 hxg5
33.Rf3g3 f6
34.Re2xe6 Bb7a8
35.Re6e7 Rb8d8
36.h4 { resign }
1-0

[Event "Tourn. n9560"]
[Site "www.chess-mail.com"]
[Date "2017.10.07"]
[Round "1"]
[White "Bojan"]
[Black "Tonino1"]
[WhiteElo "2030"]
[BlackElo "2210"]
[Result "0-1"]
[Round "1"]
1.e4 d6
2.d4 Ng8f6
3.Nb1c3 c6
4.Bc1g5 Qd8c7
5.Ng1f3 g6
6.h3 Bf8g7
7.Bf1d3 O-O
8.Nf3h2 e5
9.dxe5 dxe5
10.O-O b6
11.Qd1f3 Nf6e8
12.Nh2g4 h5
13.Ng4h2 f6
14.Bg5e3 Bc8e6
15.Qf3g3 Kh7
16.f4 Be6f7
17.Bd3e2 Nb8d7
18.Nh2f3 Bg7h6
19.Nf3h4 Ne8g7
20.fxe5 Qc7xe5
21.Qg3xe5 Bh6xe3
22.Kh1 fxe5
23.Rf1f3 Be3g5
24.g3 Bg5xh4
25.gxh4 Bf7e6
26.Ra1f1 Rf8xf3
27.Rf1xf3 Ra8f8
28.Rf3e3 Rf8f4
29.Nc3d1 Rf4xh4
30.Kh2 Nd7f6
31.Be2d3 Nf6g4
{ resign }
0-1

[Event "Tourn. n9551"]
[Site "www.chess-mail.com"]
[Date "2017.10.07"]
[Round "1"]
[White "Tonino1"]
[Black "Bojan"]
[WhiteElo "2170"]
[BlackElo "2040"]
[Result "1-0"]
[Round "1"]
1.d4 d5
2.f4 g6
3.e3 Bf8g7
4.c3 a6
5.Bf1d3 Nb8c6
6.Ng1f3 Ng8f6
7.O-O Nf6e4
8.Nb1d2 f5
9.Nf3e5 Nc6xe5
10.fxe5 e6
11.Nd2f3 Bc8d7
12.Qd1e2 Qd8e7
13.Bc1d2 c5
14.Bd3c2 b5
15.Bd2e1 c4
16.Be1h4 Qe7f7
17.g4 h6
18.Bc2xe4 dxe4
19.Nf3d2 Rh8f8
20.Nd2xe4 fxe4
21.Rf1xf7 Rf8xf7
22.Ra1f1 g5
23.Rf1xf7 Kxf7
24.Bh4g3 a5
25.a4 Bd7c6
26.b3 cxb3
27.axb5 Bc6b7
28.c4 Ke7
29.Qe2b2 a4
30.Qb2a3 Kd7
31.Qa3d6 Ke8
32.Qd6xe6 Kf8
33.Qe6d6 Ke8
34.e6 Ra8d8
35.Qd6a3 Rd8a8
36.Bg3d6 Bg7f6
37.Bd6f8 Ra8a7
38.Bf8xh6 Bf6e7
39.c5 Bb7d5
40.Bh6g7 Bd5xe6
41.Bg7e5 Be6c4
42.b6 Ra7b7
43.Be5c7 Bc4b5
44.d5 Be7f6
45.c6 b2
46.Qa3a2 Rb7xc7
47.bxc7 Bb5a6
48.d6 Ba6c8
49.Qa2g8 { resign }
1-0

[Event "Tourn. n9561"]
[Site "www.chess-mail.com"]
[Date "2017.10.07"]
[Round "1"]
[White "Bojan"]
[Black "Apdash"]
[WhiteElo "2030"]
[BlackElo "2130"]
[Result "0-1"]
[Round "1"]
1.e4 c5
2.Ng1f3 d6
3.c4 Nb8c6
4.b3 f5
5.Qd1c2 Nc6b4
6.Qc2c3 fxe4
7.Nf3g1 Bc8f5
8.a3 Nb4c6
9.Ng1e2 Ng8f6
10.Ne2g3 Bf5g6
11.h3 Nc6d4
12.d3 e5
13.Bc1g5 Bf8e7
14.Nb1d2 exd3
15.Bf1xd3 Bg6f7
16.Ng3f5 Nd4xf5
17.Bd3xf5 O-O
18.O-O Nf6h5
19.Bg5xe7 Qd8xe7
20.Qc3d3 g6
21.Bf5g4 Nh5f4
22.Qd3e4 Ra8b8
23.g3 Nf4e6
24.f4 Ne6d4
25.Ra1b1 Bf7e6
26.Bg4xe6 Qe7xe6
27.fxe5 Qe6xh3
28.exd6 Qh3xg3
29.Kh1 Nd4f5
30.Rf1f3 Qg3g5
31.Qe4d5 Kg7
32.Qd5e5 Qg5f6
33.Qe5xc5 Qf6h4
34.Kg2 Qh4g5
35.Kf1 Qg5xd2
36.Qc5e5 Rf8f6
37.c5 Nf5e3
{ resign }
0-1

[Event "Tourn. n9541"]
[Site "www.chess-mail.com"]
[Date "2017.10.07"]
[Round "1"]
[White "Prize64"]
[Black "Odin"]
[WhiteElo "1850"]
[BlackElo "1830"]
[Result "1-0"]
[Round "1"]
1.e4 d5
2.exd5 Qd8xd5
3.Ng1f3 e5
4.Nb1c3 Qd5d6
5.Bf1c4 Ng8f6
6.O-O Bc8g4
7.Rf1e1 Bf8e7
8.h3 Bg4h5
9.g4 Nf6xg4
10.hxg4 Bh5xg4
11.d4 Qd6g6
12.Nf3xe5 Bg4xd1
13.Ne5xg6 hxg6
14.Re1xd1 Nb8c6
15.Bc1f4 O-O-O
16.Nc3b5 a6
17.Nb5xc7 g5
18.Bf4g3 Nc6xd4
19.Nc7d5 Be7c5
20.b4 Rd8xd5
21.Bc4xd5 Bc5a7
22.Bd5xf7 Nd4f5
23.Bf7e6 { resign }
1-0

[Event "Match"]
[Site "www.echecsemail.com"]
[Date "2017.10.07"]
[Round "1"]
[White "Ranjachess"]
[Black "Rindrandria"]
[WhiteElo "1830"]
[BlackElo "1760"]
[Result "1-0"]
[Round "1"]
1.e4 a5
2.d4 d6
3.h3 Bc8d7
4.Nb1c3 a4
5.a3 g6
6.Ng1f3 Bf8g7
7.Bc1f4 e6
8.e5 f6
9.d5 fxe5
10.dxe6 Bd7xe6
11.Bf4e3 c5
12.Nc3b5 Qd8a5
13.c3 Bg7f8
14.Nb5xd6 Bf8xd6
15.Qd1xd6 Nb8d7
16.Qd6xe6 Ng8e7
17.O-O-O b5
18.Qe6xd7 Kf8
19.Be3xc5 Ra8e8
20.Bf1xb5 Kg7
21.Bc5xe7 Kf7
22.Nf3g5 Kg8
23.Be7f6 Kf8
24.Qd7g7 
1-0

[Event "Match"]
[Site "www.echecsemail.com"]
[Date "2017.10.07"]
[Round "1"]
[White "Michel93"]
[Black "Luzhin"]
[WhiteElo "1809"]
[BlackElo "2330"]
[Result "0-1"]
[Round "1"]
1.d4 Ng8f6
2.Ng1f3 e6
3.c4 Nb8c6
4.d5 exd5
5.cxd5 Bf8b4
6.Nb1c3 Nc6e7
7.Qd1b3 Ne7xd5
8.e4 Nd5xc3
9.bxc3 Bb4a5
10.Bf1d3 d6
11.Bc1a3 O-O
12.O-O c5
13.e5 dxe5
14.Ba3xc5 e4
15.Bc5xf8 exf3
16.Bf8xg7 fxg2
17.Rf1d1 Kxg7
 { time }
0-1

[Event "Match"]
[Site "www.echecsemail.com"]
[Date "2017.10.07"]
[Round "1"]
[White "Jc7325"]
[Black "Micheles"]
[WhiteElo "1499"]
[BlackElo "2520"]
[Result "0-1"]
[Round "1"]
1.c4 Ng8f6
2.Nb1c3 e5
3.Ng1f3 Nb8c6
4.e4 Bf8b4
5.a3 Bb4xc3
6.bxc3 Nf6xe4
7.Bf1d3 Ne4c5
8.Bd3c2 e4
9.Nf3d4 Qd8f6
10.O-O Nc6xd4
11.cxd4 Qf6xd4
12.Ra1b1 O-O
13.Rf1e1 d5
14.Bc1b2 Qd4xc4
15.Bb2e5 Qc4a6
16.d3 exd3
17.Be5xg7 Kxg7
18.Bc2xd3 Qa6xd3
19.Qd1c1 Nc5e6
20.Re1e3 Qd3f5
21.Re3g3 Kh8
22.Rb1b4 d4
23.Rg3f3 Qf5g5
24.Rf3g3 Qg5xc1
{ resign }
0-1

[Event "Match"]
[Site "www.echecsemail.com"]
[Date "2017.10.07"]
[Round "1"]
[White "Apdash"]
[Black "Guidom"]
[WhiteElo "2130"]
[BlackElo "2140"]
[Result "1/2-1/2"]
[Round "1"]
1.e4 e5
2.f4 exf4
3.Ng1f3 Nb8c6
4.Bf1c4 Bf8e7
5.d4 d6
6.Bc1xf4 Ng8f6
7.Nb1d2 O-O
8.O-O Bc8g4
9.c3 h6
10.Qd1c2 Nc6a5
11.Bc4d3 c5
12.e5 Nf6d5
13.exd6 Be7xd6
14.Bf4xd6 Qd8xd6
15.Nd2e4 Qd6c7
16.Ne4xc5 Nd5e3
17.Bd3h7 Kh8
18.Qc2e4 Ne3xf1
19.Qe4xg4 Nf1xh2
20.Nf3xh2 Kxh7
21.Qg4e4 g6
22.Ra1f1 Ra8e8
23.Qe4f3 Na5c4
24.Qf3f2 Nc4d6
25.Nh2g4 Nd6f5
26.Ng4f6 Kg7
27.Nf6xe8 Rf8xe8
28.Rf1e1 Re8xe1
29.Qf2xe1 b6
{ draw }
1/2-1/2

[Event "Match"]
[Site "www.echecsemail.com"]
[Date "2017.10.07"]
[Round "1"]
[White "Tonino1"]
[Black "Billyg"]
[WhiteElo "2170"]
[BlackElo "1740"]
[Result "1-0"]
[Round "1"]
1.d4 d6
2.f4 Nb8c6
3.e3 g6
4.c3 a6
5.Bf1d3 Ng8f6
6.Ng1f3 Bc8g4
7.O-O e5
8.fxe5 dxe5
9.Nb1d2 Qd8e7
10.Nd2e4 O-O-O
11.Ne4xf6 Qe7xf6
12.Qd1a4 Bg4xf3
13.Rf1xf3 Qf6e6
14.Bd3c4 Qe6d6
15.d5 Nc6e7
16.e4 b5
17.Bc4xb5 axb5
18.Qa4xb5 Qd6b6
19.Qb5xb6 Rd8d6
20.Qb6a7 f5
21.Bc1g5 Rd6d7
22.Qa7a8 { resign }
1-0

[Event "Match"]
[Site "www.echecsemail.com"]
[Date "2017.10.07"]
[Round "1"]
[White "Juodivarnai"]
[Black "Pinehill"]
[WhiteElo "2040"]
[BlackElo "2090"]
[Result "1-0"]
[Round "1"]
1.e4 d5
2.exd5 Ng8f6
3.Bf1b5 Bc8d7
4.Bb5e2 Nf6xd5
5.d4 e6
6.Ng1f3 Bf8e7
7.O-O O-O
8.c4 Nd5f6
9.Nb1c3 h6
10.Bc1e3 Nb8c6
11.Qd1d2 Be7b4
12.a3 Bb4xc3
13.Qd2xc3 Nc6e7
14.Nf3e5 Bd7c6
15.Qc3d2 Ne7f5
16.Ne5xc6 bxc6
17.Be2d3 Nf5xe3
18.fxe3 Ra8b8
19.Ra1b1 Rf8e8
20.Bd3c2 e5
21.Rf1d1 e4
22.Qd2f2 Qd8e7
23.Bc2a4 Re8d8
24.Ba4xc6 Rb8b6
25.Bc6a4 c5
26.d5 Rd8b8
27.b3 Qe7e5
28.Qf2f4 Qe5c3
29.d6 Rb8d8
30.Rb1c1 Qc3b2
31.d7 Qb2xa3
32.Qf4c7 Rb6b8
33.Qc7xa7 Rb8a8
34.Qa7c7 Kh7
35.Rc1a1 Qa3b4
36.Qc7e5 Qb4c3
37.Qe5xc3 { resign }
1-0

[Event "Match"]
[Site "www.echecsemail.com"]
[Date "2017.10.07"]
[Round "1"]
[White "Apdash"]
[Black "Pellix84"]
[WhiteElo "1920"]
[BlackElo "2090"]
[Result "1-0"]
[Round "1"]
1.d4 Ng8f6
2.c4 c5
3.d5 e6
4.Nb1c3 exd5
5.cxd5 d6
6.Bc1g5 Bf8e7
7.Bg5xf6 Be7xf6
8.e4 O-O
9.Ng1f3 a6
10.a4 Bc8g4
11.Bf1e2 Nb8d7
12.O-O Rf8e8
13.h3 Bg4h5
14.Nf3d2 Bh5xe2
15.Qd1xe2 Nd7b6
16.f4 Qd8d7
17.a5 Bf6xc3
18.bxc3 Nb6xd5
19.Qe2d3 Nd5e7
20.Nd2c4 Ra8d8
21.Rf1d1 Ne7c8
22.Ra1b1 Qd7c6
23.e5 d5
24.Nc4b6 Nc8e7
25.Rd1e1 h6
26.f5 c4
27.Qd3f3 Qc6c5
28.Kh1 Qc5xa5
29.f6 Ne7g6
30.fxg7 Ng6xe5
31.Qf3h5 Qa5xc3
32.Qh5xh6 Ne5g6
33.Re1d1 Qc3xg7
34.Qh6xg7 Kxg7
35.Nb6xd5 Rd8d7
36.Kh2 b5
37.Nd5f6 Kxf6
38.Rd1xd7 Re8e7
39.Rd7d6 Re7e6
40.Rd6d7 Ng6e7
41.h4 c3
42.Rd7c7 Ne7d5
43.Rc7c5 Ke5
44.Rb1d1 Re6d6
45.g4 b4
46.Rd1b1 Kd4
47.Rc5c8 Kd3
48.h5 Kc2
49.Rb1f1 b3
50.g5 b2
51.h6 Nd5e3
52.Rf1g1 Rd6d2
53.Kg3 Rd2g2
54.Rg1xg2 Ne3xg2
55.h7 b1Q
56.h8Q Qb1b2
57.Kxg2 Kb1
58.Kg3 Qb2a3
59.Qh8xc3 { resign }
1-0

[Event "Match"]
[Site "www.echecsemail.com"]
[Date "2017.10.07"]
[Round "1"]
[White "Begory"]
[Black "Tonino1"]
[WhiteElo "1660"]
[BlackElo "2170"]
[Result "0-1"]
[Round "1"]
1.d4 Ng8f6
2.Bc1f4 d6
3.Nb1c3 g6
4.d5 Bf8g7
5.Ng1f3 O-O
6.e3 a5
7.Qd1d3 Nb8a6
8.Qd3d1 Na6c5
9.Bf1b5 Bc8d7
10.Bb5d3 Nc5xd3
11.Qd1xd3 e5
12.dxe6 fxe6
13.O-O Qd8e8
14.Rf1e1 b5
15.a3 b4
16.axb4 axb4
17.Ra1xa8 Qe8xa8
18.Nc3e4 Qa8xe4
19.Qd3xe4 Nf6xe4
20.b3 e5
21.Bf4g3 Ne4xg3
22.fxg3 Bd7c6
23.Nf3d2 d5
24.e4 dxe4
25.Nd2xe4 Bc6xe4
26.Re1xe4 c5
27.Re4c4 Rf8c8
28.h3 Kf7
29.Kf2 Ke6
30.g4 Kd5
31.Ke3 Bg7h6
{ resign }
0-1

[Event "Match"]
[Site "www.echecsemail.com"]
[Date "2017.10.07"]
[Round "1"]
[White "Lcbunghai"]
[Black "Mrmoto"]
[WhiteElo "1799"]
[BlackElo "1700"]
[Result "1-0"]
[Round "1"]
1.e4 e6
2.d4 d5
3.e5 c5
4.c3 Qd8b6
5.Ng1f3 Ng8h6
6.Bf1d3 c4
7.Bd3c2 Nb8d7
8.O-O Bf8e7
9.a4 a5
10.Nb1a3 f6
11.Na3b5 fxe5
12.Bc1xh6 Be7f6
13.Bh6e3 O-O
14.dxe5 Qb6d8
15.exf6 Nd7xf6
16.Be3d4 { resign }
1-0

[Event "Fast Game"]
[Site "www.echecsemail.com"]
[Date "2017.10.07"]
[Round "1"]
[White "Hennie4820"]
[Black "Libiesse"]
[WhiteElo "1710"]
[BlackElo "1660"]
[Result "1-0"]
[Round "1"]
1.e4 c5
2.Ng1f3 e6
3.d4 cxd4
4.Nf3xd4 Ng8f6
5.Nb1c3 Bf8b4
6.f3 Bb4xc3
7.bxc3 Nb8c6
8.Bf1e2  { time }
1-0

[Event "Tourn. n9415"]
[Site "www.chess-mail.com"]
[Date "2017.10.08"]
[Round "1"]
[White "Osmundw"]
[Black "Julian"]
[WhiteElo "1480"]
[BlackElo "1470"]
[Result "0-1"]
[Round "1"]
1.e4 d6
2.d3 Ng8f6
3.Nb1c3 e5
4.Ng1f3 Bc8g4
5.Bc1g5 Bf8e7
6.h3 Bg4e6
7.g4 O-O
8.d4 c6
9.Nc3a4 Nb8d7
10.dxe5 dxe5
11.Nf3xe5 Nd7xe5
12.f4 Qd8xd1
13.Kxd1 Rf8d8
14.Bf1d3 Ne5xd3
15.Rh1e1 Nd3xe1
16.Kxe1 b5
17.Na4c3 Rd8d4
18.e5 Nf6d5
19.Bg5xe7 Nd5xe7
20.f5 Be6c4
21.b3 Bc4d5
22.e6 fxe6
23.fxe6 Bd5xe6
24.a4 Ne7d5
25.Ra1d1 Rd4xd1
26.Kxd1 Nd5xc3
27.Kd2 Nc3e4
28.Kd3 Ne4f2
29.Kd4 Nf2xh3
30.axb5 cxb5
31.Kc5 Be6xg4
32.Kxb5 Bg4d1
{ resign }
0-1

[Event "Tourn. n9542"]
[Site "www.chess-mail.com"]
[Date "2017.10.08"]
[Round "1"]
[White "Goofy"]
[Black "Cjood"]
[WhiteElo "2280"]
[BlackElo "2000"]
[Result "1-0"]
[Round "1"]
1.e4 e5
2.Ng1f3 Nb8c6
3.Bf1c4 Ng8f6
4.d3 h6
5.c3 Bf8c5
6.Nb1d2 a6
7.Bc4b3  { time }
1-0

[Event "Tourn. n9535"]
[Site "www.chess-mail.com"]
[Date "2017.10.08"]
[Round "1"]
[White "Fantomas"]
[Black "Marbachess"]
[WhiteElo "2210"]
[BlackElo "2530"]
[Result "0-1"]
[Round "1"]
1.d4 f5
2.Ng1f3 Ng8f6
3.c4 g6
4.Nb1c3 Bf8g7
5.h3 c6
6.Bc1f4 d6
7.e3 Bc8d7
8.Bf1d3 c5
9.O-O O-O
10.Qd1e2 Nb8c6
11.d5 Nc6b4
12.Bd3b1 Nb4a6
13.Bf4h2 Qd8a5
14.Rf1c1 Na6c7
15.e4 Nf6xe4
16.Bb1xe4 fxe4
17.Qe2xe4 Ra8e8
18.Bh2g3 b5
19.Bg3f4 Qa5b4
20.Bf4d2 Qb4xc4
21.Qe4xc4 bxc4
{ resign }
0-1

[Event "Tourn. n9542"]
[Site "www.chess-mail.com"]
[Date "2017.10.08"]
[Round "1"]
[White "Apdash"]
[Black "Goofy"]
[WhiteElo "2049"]
[BlackElo "2280"]
[Result "0-1"]
[Round "1"]
1.d4 e6
2.e4 d5
3.e5 c5
4.c3 Nb8c6
5.Ng1f3 Bc8d7
6.Bf1e2 f6
7.exf6 Ng8xf6
8.Bc1g5 Bf8d6
9.O-O Qd8c7
10.dxc5 Bd6xc5
11.b4 Bc5e7
12.Nb1d2 h6
13.Bg5h4 O-O
14.Nd2b3 Nc6e5
15.Nf3xe5 Qc7xe5
16.Nb3d4 Qe5c7
17.Ra1c1 a6
18.a3 b5
19.f4 Be7d6
20.Bh4xf6 Rf8xf6
21.g3 Ra8f8
22.Be2f3 Kh8
23.Rf1e1 e5
24.fxe5 Bd6xe5
25.Bf3g2 Be5xg3
26.hxg3 Qc7xg3
27.Rc1c2 Rf6f2
28.Rc2xf2 Rf8xf2
29.Qd1e2 Qg3xg2
{ resign }
0-1

[Event "Tourn. n9538"]
[Site "www.chess-mail.com"]
[Date "2017.10.08"]
[Round "1"]
[White "Apdash"]
[Black "Nulladies"]
[WhiteElo "1949"]
[BlackElo "1920"]
[Result "1-0"]
[Round "1"]
1.d4 Ng8f6
2.c4 e6
3.Nb1c3 Bf8b4
4.Qd1b3 Bb4xc3
5.bxc3 O-O
6.Bc1g5 h6
7.Bg5xf6 Qd8xf6
8.e4 Nb8c6
9.Ng1f3 d6
10.Bf1e2 Nc6a5
11.Qb3b4 Na5c6
12.Qb4b2 Bc8d7
13.Qb2xb7 Rf8c8
14.O-O Ra8b8
15.Qb7a6 Rb8b6
16.Qa6a3 Rc8b8
17.c5 Rb6b2
18.Be2c4 Qf6f4
19.cxd6 cxd6
20.Bc4b3 Rb2e2
21.d5 Re2xe4
22.dxc6 Bd7xc6
23.Nf3d4 Bc6d7
24.Qa3xa7 Rb8d8
25.Qa7c7 Qf4g5
26.Rf1e1 d5
27.Re1xe4 dxe4
28.Ra1e1 Qg5d2
29.Qc7xd8 Kh7
30.Re1d1 { resign }
1-0

[Event "Tourn. n9540"]
[Site "www.chess-mail.com"]
[Date "2017.10.08"]
[Round "1"]
[White "Claymil"]
[Black "Mitja"]
[WhiteElo "2120"]
[BlackElo "1990"]
[Result "1-0"]
[Round "1"]
1.c4 d5
2.cxd5 Qd8xd5
3.Nb1c3 Qd5d8
4.g3 c6
5.Bf1g2 e6
6.e3 Ng8f6
7.d4 Nb8d7
8.Ng1e2 Nd7b6
9.a3 Nb6d5
10.b4 Nd5xc3
11.Ne2xc3 Nf6d5
12.Bc1b2 b6
13.Ra1c1 Bc8b7
14.O-O Nd5xc3
15.Rc1xc3 Ra8b8
16.Qd1c2 Bf8e7
17.Bg2xc6 Bb7xc6
18.Rc3xc6 O-O
19.Rf1c1 Be7f6
20.Qc2e2 Qd8d5
21.Rc6c7 Rb8a8
22.e4 Qd5d8
23.e5 Bf6g5
24.Rc1c2 Bg5h6
25.f4 g6
26.Rc7b7 a5
27.b5 Rf8e8
28.Rc2c7 Ra8b8
29.Rc7xf7 Rb8xb7
30.Rf7xb7 Qd8c8
31.Rb7xb6 { resign }
1-0

[Event "Tourn. n9526"]
[Site "www.chess-mail.com"]
[Date "2017.10.08"]
[Round "1"]
[White "Mitja"]
[Black "Comrade"]
[WhiteElo "2070"]
[BlackElo "2270"]
[Result "0-1"]
[Round "1"]
1.d4 Ng8f6
2.e3 d5
3.c3 e6
4.Ng1f3 c5
5.dxc5 Bf8xc5
6.Nb1d2 Bc8d7
7.Nd2b3 Bc5d6
8.h3 Bd7a4
9.Bf1d3 Nb8c6
10.Bd3c2 O-O
11.Nb3d4 Ba4xc2
12.Qd1xc2 Ra8c8
13.Nd4xc6 bxc6
14.O-O Nf6e4
15.Nf3d2 f5
16.Nd2xe4 fxe4
17.b3 Bd6e5
18.Bc1b2 Rf8f5
19.Qc2e2 Qd8f6
20.Ra1b1 Qf6g6
21.c4 Be5b8
22.cxd5 exd5
23.a3 Rc8f8
24.Bb2d4 Rf5h5
25.Qe2g4 Rh5g5
26.Qg4d1 Rg5xg2
{ resign }
0-1

[Event "Tourn. n9556"]
[Site "www.chess-mail.com"]
[Date "2017.10.08"]
[Round "1"]
[White "Prize64"]
[Black "Luban"]
[WhiteElo "1920"]
[BlackElo "2090"]
[Result "1-0"]
[Round "1"]
1.e4 c6
2.d4 d5
3.f3 dxe4
4.fxe4 e5
5.Ng1f3 Bc8g4
6.Bf1c4 exd4
7.Bc4xf7 Kxf7
8.Nf3e5 Ke8
9.Qd1xg4 Ng8f6
10.Qg4e6 Qd8e7
11.Qe6c8 Qe7d8
12.Qc8xd8 { resign }
1-0

[Event "Tourn. n9471"]
[Site "www.chess-mail.com"]
[Date "2017.10.08"]
[Round "1"]
[White "Tartan"]
[Black "Coolant"]
[WhiteElo "2440"]
[BlackElo "2310"]
[Result "1-0"]
[Round "1"]
1.e4 Nb8c6
2.d4 d5
3.Nb1c3 a6
4.exd5 Nc6b4
5.a3 Nb4xd5
6.Nc3xd5 Qd8xd5
7.c4 Qd5e4
8.Bc1e3 Bc8f5
9.Ng1e2 Qe4c2
10.Qd1xc2 Bf5xc2
11.Ra1c1 Bc2g6
12.Ne2f4 Ng8f6
13.Nf4xg6 hxg6
14.Bf1e2 e6
15.O-O Bf8d6
16.h3 c6
17.Be2f3 O-O
18.Rf1d1 Rf8d8
19.g4 Nf6d7
20.Rc1c3 Ra8c8
21.c5 Bd6c7
22.Rc3b3 Rc8b8
23.g5 f5
24.Kf1 Kf7
25.Bf3e2 b5
26.cxb6 Rb8xb6
27.Rb3xb6 Nd7xb6
28.Rd1c1 f4
29.Rc1xc6 Nb6d5
30.Be3d2 Bc7b6
31.Be2g4 Rd8e8
32.Bd2xf4 Bb6xd4
33.Bf4c1 e5
34.Rc6xa6 Nd5f4
35.b4 Nf4d3
36.Bc1e3 Bd4b2
37.b5 { resign }
1-0

[Event "Tourn. n9542"]
[Site "www.chess-mail.com"]
[Date "2017.10.08"]
[Round "1"]
[White "Andychesston"]
[Black "Apdash"]
[WhiteElo "2080"]
[BlackElo "2049"]
[Result "1/2-1/2"]
[Round "1"]
1.e4 c5
2.Ng1f3 Nb8c6
3.Nb1c3 e6
4.d4 cxd4
5.Nf3xd4 Ng8f6
6.Bc1e3 Bf8b4
7.Bf1d3 d5
8.a3 Bb4xc3
9.bxc3 Nc6xd4
10.Be3xd4 dxe4
11.Bd3b5 Bc8d7
12.Bd4xf6 gxf6
13.Ra1b1 Bd7xb5
14.Rb1xb5 Qd8xd1
15.Kxd1 Ra8d8
16.Ke2 Rd8d7
17.Rh1d1 b6
18.Rd1d4 f5
19.Ke3 Ke7
20.Kf4 f6
21.Rd4xd7 Kxd7
{ draw }
1/2-1/2

[Event "Tourn. n9485"]
[Site "www.chess-mail.com"]
[Date "2017.10.08"]
[Round "1"]
[White "Squeakysquaw"]
[Black "Pachi"]
[WhiteElo "1499"]
[BlackElo "1540"]
[Result "1-0"]
[Round "1"]
1.d4 g6
2.Nb1c3 Bf8g7
3.e4 e5
4.d5 b6
5.Ng1f3 Ng8e7
6.Bc1g5 f6
7.Bg5h4 O-O
8.Bf1c4 d6
9.h3 c6
10.dxc6 Kh8
11.Nc3d5 Ne7xc6
12.O-O a6
13.Nf3d2 b5
14.Bc4e2 Bc8b7
15.c3 Nb8d7
16.Nd2b3 g5
17.Bh4g3 f5
18.Qd1d3 f4
19.Bg3h2 h6
20.Be2g4 Nd7b6
21.Kh1 Nb6xd5
22.exd5 Nc6e7
23.Bg4f3 Bb7c8
24.Nb3d2 Bc8b7
25.Nd2b3 Ra8c8
26.Bf3d1 Bb7xd5
27.Bd1c2 Ne7f5
28.Qd3xd5 Qd8b6
29.Bh2g1 Nf5h4
30.Qd5e4 Kg8
31.f3 Qb6c7
32.Nb3d2 Nh4f5
33.Qe4d5 Rf8f7
34.Bc2xf5 Kf8
35.Bf5xc8 Qc7xc8
36.Nd2e4 { resign }
1-0

[Event "Tourn. n9561"]
[Site "www.chess-mail.com"]
[Date "2017.10.08"]
[Round "1"]
[White "Apdash"]
[Black "Luban"]
[WhiteElo "2130"]
[BlackElo "2090"]
[Result "0-1"]
[Round "1"]
1.e4 c6
2.d4 d5
3.exd5 cxd5
4.Ng1f3 e6
5.c4 h6
6.Nb1c3 Ng8f6
7.Nf3e5 Bf8e7
8.cxd5 Nf6xd5
9.Bf1b5 Bc8d7
10.Bb5xd7 Nb8xd7
11.Qd1a4 Nd5xc3
12.bxc3 Be7f6
13.Bc1a3 Bf6xe5
14.dxe5 Qd8c7
15.O-O Qc7xe5
16.Qa4b4 O-O-O
17.Ra1d1 Nd7b6
18.c4 Kb8
19.Rd1b1 Qe5c7
20.c5 Nb6d5
21.Qb4g4 Rh8g8
22.Rf1c1 Nd5f6
23.Qg4a4 Rd8d5
24.c6 b6
25.Ba3c5 Rg8d8
26.Qa4a6 Qc7xc6
27.Bc5e3 Qc6xc1
28.Rb1xc1 Rd5d1
29.Qa6f1 Rd1xf1
30.Kxf1 Nf6d5
31.Ke2 Nd5xe3
32.fxe3 Rd8c8
33.Rc1f1 Rc8c2
34.Kd3 Rc2xa2
35.Rf1xf7 Ra2xg2
36.Rf7e7 Rg2xh2
37.Re7xg7 Rh2h5
38.Rg7g6 e5
39.e4 Kb7
40.Rg6f6 a5
41.Kc4 Rh5h4
42.Kd5 a4
43.Kxe5 b5
44.Kd5 a3
45.Rf6f2 b4
46.e5 Kc7
47.e6 Kd8
48.Kd6 Rh4d4
49.Kc5 b3
{ resign }
0-1

[Event "Tourn. n9469"]
[Site "www.chess-mail.com"]
[Date "2017.10.08"]
[Round "1"]
[White "Conde7"]
[Black "Rons"]
[WhiteElo "2850"]
[BlackElo "2550"]
[Result "1-0"]
[Round "1"]
1.e4 c5
2.Ng1f3 d6
3.d4 cxd4
4.Nf3xd4 Ng8f6
5.Nb1c3 a5
6.Nd4b5 Nb8c6
7.Bc1g5 Bc8d7
8.Qd1d2 h6
9.Bg5e3 Ra8c8
10.h3 Nc6e5
11.O-O-O Ne5c4
12.Bf1xc4 Rc8xc4
13.Rh1e1 Bd7xb5
14.Nc3xb5 Rc4xe4
15.f3 Re4e5
16.Be3c5 Re5e6
17.Qd2c3 Re6xe1
18.Qc3xe1 Kd7
19.Qe1e5 Kc6
20.Qe5c3 Kd7
21.Qc3b3 h5
22.Qb3a4 Kc8
23.Qa4c4 Kd7
24.Qc4a4 Kc8
25.Nb5a7 Kb8
26.Qa4b5 Qd8d7
27.Qb5xa5 { resign }
1-0

[Event "Tourn. n9482"]
[Site "www.chess-mail.com"]
[Date "2017.10.08"]
[Round "1"]
[White "Astroboy"]
[Black "Jazzy"]
[WhiteElo "2440"]
[BlackElo "2230"]
[Result "1-0"]
[Round "1"]
1.e4 e6
2.d4 d5
3.Nb1c3 Ng8f6
4.e5 Nf6d7
5.f4 c5
6.Ng1f3 Nb8c6
7.Bc1e3 Qd8b6
8.a3 Nc6xd4
9.Nf3xd4 cxd4
10.Be3xd4 Bf8c5
11.Bd4xc5 Nd7xc5
12.Qd1d4 Bc8d7
13.O-O-O Ra8c8
14.h4 O-O
15.h5 Nc5a4
16.Nc3xa4 Qb6c6
17.Na4c3 a6
18.f5 Rf8d8
19.f6 { resign }
1-0